[Event "VIII Open Vallee d'Aoste A"]
[Site "Saint Vincent - Chatillon ITA"]
[Date "2000.02.19"]
[Round "8"]
[White "Razuvaev, Yuri S."]
[Black "Sarno, Spartaco"]
[Result "1-0"]
[WhiteElo "2548"]
[BlackElo "2391"]
[PlyCount "61"]
[EventDate "2000.02.12"]

1. Nf3 Nf6 2. c4 g6 3. Nc3 d5 4. Qa4+ Bd7 5. Qb3 dxc4 6. Qxc4 Bg7 7. e4 c6 8.
d4 O-O 9. Be2 Na6 10. O-O c5 11. e5 Ng4 12. h3 cxd4 13. Qxd4 Nh6 14. Bxh6 Bxh6
15. Bxa6 bxa6 16. Rfd1 Bc6 17. Qh4 Qb6 18. Qxh6 Bxf3 19. gxf3 Qxb2 20. Qe3 Rac8
21. Nd5 Rfe8 22. Rab1 Qxa2 23. e6 Qa4 24. Rd4 Qc2 25. exf7+ Kxf7 26. Rf4+ Kg7
27. Qe5+ Kg8 28. Re1 Qd2 29. Rd4 Qb2 30. Nxe7+ Rxe7 31. Qxe7 1-0

[Event "VIII Open Vallee d'Aoste A"]
[Site "Saint Vincent - Chatillon ITA"]
[Date "2000.02.19"]
[Round "8"]
[White "Scavo, Fernando"]
[Black "Braga, Fernando Alberto"]
[Result "1/2-1/2"]
[WhiteElo "2259"]
[BlackElo "2449"]
[PlyCount "67"]
[EventDate "2000.02.12"]

1. e4 c5 2. c3 d5 3. exd5 Qxd5 4. d4 Nf6 5. Be3 Ng4 6. Nf3 Nc6 7. Nbd2 cxd4 8.
cxd4 Qe6 9. Nc4 Qd5 10. Bd3 g6 11. Qa4 Rb8 12. Nce5 Ngxe5 13. Nxe5 b5 14. Qb3
Be6 15. Qxd5 Bxd5 16. Nxc6 Bxc6 17. d5 Bxd5 18. Bxa7 Rb7 19. Bd4 f6 20. O-O e5
21. Be3 Kf7 22. Rfd1 Ke6 23. a4 Bb3 24. a5 Bxd1 25. a6 Rd7 26. Bxb5 Rd8 27. Bb6
Rb8 28. Bc4+ Kf5 29. a7 Bd6 30. axb8=Q Rxb8 31. Ba7 Rb4 32. Bd3+ e4 33. Rxd1
exd3 34. Rxd3 1/2-1/2

[Event "VIII Open Vallee d'Aoste A"]
[Site "Saint Vincent - Chatillon ITA"]
[Date "2000.02.19"]
[Round "8"]
[White "Vujovic, Milorad"]
[Black "Castaldo, Folco"]
[Result "1-0"]
[WhiteElo "2316"]
[BlackElo "2242"]
[PlyCount "67"]
[EventDate "2000.02.12"]

1. e4 e6 2. d3 c5 3. Qe2 Nc6 4. Nf3 d6 5. g3 g6 6. Bg2 Bg7 7. O-O Nge7 8. Re1
O-O 9. Nbd2 e5 10. Nf1 h6 11. Be3 Be6 12. c3 f5 13. Qd2 Kh7 14. Nh4 f4 15. gxf4
exf4 16. Bxf4 Rxf4 17. Qxf4 g5 18. Qd2 gxh4 19. f4 Qd7 20. Ne3 Bh3 21. Kh1 Rf8
22. Rf1 Bxg2+ 23. Qxg2 h3 24. Qg3 d5 25. Ng4 h5 26. Nf2 Bh6 27. Qxh3 Qxh3 28.
Nxh3 dxe4 29. dxe4 Ng6 30. Rad1 Rf7 31. Rd5 h4 32. Rh5 Kg7 33. f5 Nge5 34. Rg1+
1-0

[Event "VIII Open Vallee d'Aoste A"]
[Site "Saint Vincent - Chatillon ITA"]
[Date "2000.02.19"]
[Round "8"]
[White "Yakovich, Yuri"]
[Black "Dittmar, Peter"]
[Result "1-0"]
[WhiteElo "2585"]
[BlackElo "2308"]
[PlyCount "87"]
[EventDate "2000.02.12"]

1. d4 d5 2. c4 e6 3. Nc3 c5 4. cxd5 exd5 5. Nf3 Nc6 6. g3 Nf6 7. Bg2 Be7 8. O-O
O-O 9. Bg5 cxd4 10. Nxd4 h6 11. Be3 Re8 12. Qc2 Bf8 13. Rad1 Bg4 14. h3 Bh5 15.
Qa4 Ne5 16. Qb5 Nc4 17. Bf4 Nb6 18. a4 a6 19. Qb3 Bc5 20. a5 Nc4 21. Nxd5 Nxa5
22. Qc3 Bxd4 23. Rxd4 Nc6 24. Rd2 Rxe2 25. Nxf6+ Qxf6 26. Qxf6 gxf6 27. Bxh6
Rae8 28. g4 Bg6 29. Rfd1 f5 30. Kh2 fxg4 31. hxg4 Rxd2 32. Rxd2 Ne5 33. Kg3 Nc4
34. Rd7 Nxb2 35. Bxb7 a5 36. Bd5 Nd3 37. f4 Nc5 38. Rc7 Re3+ 39. Kh4 Kh7 40.
Bg5 Rc3 41. f5 Ne4 42. fxg6+ Kg7 43. Rxc3 Nxc3 44. Bxf7 1-0

[Event "VIII Open Vallee d'Aoste A"]
[Site "Saint Vincent - Chatillon ITA"]
[Date "2000.02.20"]
[Round "9"]
[White "Braga, Fernando Alberto"]
[Black "Piccardo, Marco"]
[Result "1-0"]
[WhiteElo "2449"]
[BlackElo "2200"]
[PlyCount "62"]
[EventDate "2000.02.12"]

1. c4 f5 2. g3 Nf6 3. Bg2 g6 4. Nc3 Bg7 5. e3 O-O 6. Nge2 d6 7. O-O e5 8. b4
Nc6 9. b5 Ne7 10. d3 Kh8 11. Rb1 g5 12. f4 exf4 13. gxf4 Ng6 14. fxg5 Ng4 15.
h3 N4e5 16. e4 f4 17. Nxf4 Nxf4 18. Rxf4 Rxf4 19. Bxf4 Ng6 20. Bd2 Ne5 21. Qe2
Be6 22. Nd5 c6 23. bxc6 bxc6 24. Nf4 Bg8 25. Nh5 Qe7 26. Kh1 Be6 27. Nxg7 Kxg7
28. c5 dxc5 29. Bc3 Bf7 30. Qf2 Re8 31. Rf1 Bg6 1-0

[Event "VIII Open Vallee d'Aoste A"]
[Site "Saint Vincent - Chatillon ITA"]
[Date "2000.02.20"]
[Round "9"]
[White "Castaldo, Folco"]
[Black "Caoili, Arianne"]
[Result "1-0"]
[WhiteElo "2242"]
[BlackElo "2097"]
[PlyCount "57"]
[EventDate "2000.02.12"]

1. e4 c5 2. c3 d5 3. exd5 Qxd5 4. d4 Nf6 5. Nf3 e6 6. Bd3 Be7 7. O-O cxd4 8.
cxd4 Nc6 9. Nc3 Qd8 10. Be3 O-O 11. Rc1 Nb4 12. Bb1 a6 13. Ne5 Nbd5 14. Qd3 Qd6
15. Nc4 Qd8 16. Nxd5 exd5 17. Ne5 Be6 18. Bg5 g6 19. Qf3 Kg7 20. h3 h6 21. Bf4
Nh5 22. Bh2 Qb6 23. Qe3 Rac8 24. Rce1 Rfe8 25. Nxg6 Bb4 26. Nf4 Nf6 27. Qg3+
Kh8 28. Qh4 Kg7 29. Re3 1-0

[Event "VIII Open Vallee d'Aoste A"]
[Site "Saint Vincent - Chatillon ITA"]
[Date "2000.02.20"]
[Round "9"]
[White "Cebalo, Miso"]
[Black "Baburin, Alexander E."]
[Result "1/2-1/2"]
[WhiteElo "2537"]
[BlackElo "2591"]
[PlyCount "63"]
[EventDate "2000.02.12"]

1. d4 e6 2. c4 b6 3. a3 Bb7 4. Nc3 Nf6 5. Nf3 g6 6. Qc2 Bxf3 7. gxf3 Bg7 8. Bg5
h6 9. Bh4 Nc6 10. e3 Ne7 11. Bd3 c6 12. f4 d5 13. cxd5 cxd5 14. Qa4+ Kf8 15.
Qa6 Ne8 16. Nb5 Bf6 17. Bxf6 Nxf6 18. Rc1 Kg7 19. Ke2 Ne8 20. Rc2 Nc8 21. Rhc1
Ncd6 22. Nxd6 Nxd6 23. Rc7 Qh4 24. Rd7 Rhd8 25. Rxa7 Qh5+ 26. Ke1 Rdc8 27. Rc3
Rxa7 28. Qxa7 Rxc3 29. bxc3 Qxh2 30. Qxb6 Qh1+ 31. Ke2 Nc4 32. Qc7 1/2-1/2

[Event "VIII Open Vallee d'Aoste A"]
[Site "Saint Vincent - Chatillon ITA"]
[Date "2000.02.20"]
[Round "9"]
[White "Estremera Panos, Sergio"]
[Black "Drabke, Lorenz Maximilian"]
[Result "1-0"]
[WhiteElo "2353"]
[BlackElo "2149"]
[PlyCount "49"]
[EventDate "2000.02.12"]

1. d4 Nf6 2. c4 c5 3. d5 g6 4. Nc3 Bg7 5. e4 O-O 6. Bd3 d6 7. h3 e6 8. Nf3 exd5
9. cxd5 a6 10. a4 Nbd7 11. O-O Qe7 12. Re1 h6 13. Bf4 Ne8 14. Qd2 g5 15. Bg3
Ne5 16. Nxe5 Bxe5 17. Bxe5 Qxe5 18. a5 Bd7 19. Nd1 Ng7 20. Ne3 Rae8 21. b4 Rc8
22. Rab1 Rb8 23. Nc4 Qf6 24. bxc5 dxc5 25. Rb6 1-0

[Event "VIII Open Vallee d'Aoste A"]
[Site "Saint Vincent - Chatillon ITA"]
[Date "2000.02.20"]
[Round "9"]
[White "Franco Ocampos, Zenon"]
[Black "Mantovani, Renzo"]
[Result "1-0"]
[WhiteElo "2511"]
[BlackElo "2415"]
[PlyCount "49"]
[EventDate "2000.02.12"]

1. c4 e5 2. g3 g6 3. Bg2 Bg7 4. Nc3 Nc6 5. e4 d6 6. Nge2 Be6 7. d3 Qd7 8. Nd5
Nd8 9. O-O c6 10. Ne3 f5 11. exf5 gxf5 12. f4 Nf7 13. d4 exd4 14. Nxd4 O-O-O
15. Rb1 Nf6 16. b4 d5 17. b5 dxc4 18. Nxe6 Qxe6 19. Qa4 Nd5 20. Qxa7 Rhe8 21.
bxc6 Qxc6 22. Nxd5 Rxd5 23. Qa8+ Kd7 24. Qxb7+ Qxb7 25. Rxb7+ 1-0

[Event "VIII Open Vallee d'Aoste A"]
[Site "Saint Vincent - Chatillon ITA"]
[Date "2000.02.20"]
[Round "9"]
[White "Martorelli, Antonio"]
[Black "Caruso, Daniele"]
[Result "1-0"]
[WhiteElo "2271"]
[BlackElo "2126"]
[PlyCount "53"]
[EventDate "2000.02.12"]

1. d4 Nf6 2. Nf3 g6 3. c4 Bg7 4. Nc3 d6 5. e4 O-O 6. h3 c5 7. d5 e6 8. Bd3 exd5
9. cxd5 Re8 10. O-O a6 11. a4 Nbd7 12. Bf4 c4 13. Bc2 Nc5 14. Re1 Rb8 15. e5
dxe5 16. Nxe5 Ra8 17. Nxc4 Rxe1+ 18. Qxe1 Bd7 19. a5 Nh5 20. Be3 Qh4 21. f4
Qxe1+ 22. Rxe1 Re8 23. Kf2 Bf6 24. Rb1 b5 25. Nd6 Bh4+ 26. Kf3 Rxe3+ 27. Kxe3
1-0

[Event "VIII Open Vallee d'Aoste A"]
[Site "Saint Vincent - Chatillon ITA"]
[Date "2000.02.20"]
[Round "9"]
[White "Ranieri, Fabrizio"]
[Black "Scavo, Fernando"]
[Result "0-1"]
[WhiteElo "2170"]
[BlackElo "2259"]
[PlyCount "82"]
[EventDate "2000.02.12"]

1. e4 e6 2. d4 d5 3. Nc3 Bb4 4. e5 c5 5. a3 Bxc3+ 6. bxc3 Qa5 7. Bd2 Nc6 8. Qg4
Kf8 9. Nf3 Qa4 10. Ra2 Nge7 11. Bd3 b6 12. O-O Ba6 13. Qf4 Bxd3 14. cxd3 Ng6
15. Qe3 c4 16. Ng5 h6 17. Nh3 Nge7 18. Qe2 cxd3 19. Qxd3 Na5 20. Qf3 Qb3 21.
Rfa1 Ng6 22. Qh5 Nc4 23. Be1 Rc8 24. g4 Nb2 25. f4 Rxc3 26. Bxc3 Qxc3 27. Rf1
Qxd4+ 28. Kh1 Qe4+ 29. Kg1 Qd4+ 30. Kh1 Qc4 31. Raa1 Qe4+ 32. Kg1 Qd4+ 33. Kh1
Qe4+ 34. Kg1 Qe3+ 35. Kh1 Nd3 36. Ra2 Qe4+ 37. Kg1 Qe3+ 38. Kh1 Qe4+ 39. Kg1
Ngxf4 40. Nxf4 Nxf4 41. Qh4 g5 0-1

[Event "VIII Open Vallee d'Aoste A"]
[Site "Saint Vincent - Chatillon ITA"]
[Date "2000.02.20"]
[Round "9"]
[White "Tiviakov, Sergei"]
[Black "Razuvaev, Yuri S."]
[Result "1/2-1/2"]
[WhiteElo "2567"]
[BlackElo "2548"]
[PlyCount "53"]
[EventDate "2000.02.12"]

1. e4 e5 2. Nf3 Nc6 3. Bb5 Nf6 4. Qe2 Bc5 5. d3 O-O 6. Bg5 Re8 7. Nbd2 a6 8.
Bxc6 bxc6 9. Nc4 d5 10. Ne3 dxe4 11. dxe4 a5 12. Nd2 h6 13. Bh4 a4 14. O-O Ba6
15. c4 Qd6 16. Rfd1 Qe6 17. b3 Bc8 18. Rac1 Nd7 19. f3 axb3 20. axb3 Nf8 21.
Bf2 Qf6 22. Nc2 Ne6 23. Bxc5 Nxc5 24. Ra1 Rxa1 25. Rxa1 Rd8 26. Rd1 Qd6 27. Ne3
1/2-1/2

[Event "VIII Open Vallee d'Aoste A"]
[Site "Saint Vincent - Chatillon ITA"]
[Date "2000.02.20"]
[Round "9"]
[White "Yeuillaz, Corrado"]
[Black "Calzetta Ruiz, Monica"]
[Result "0-1"]
[WhiteElo "2237"]
[BlackElo "2267"]
[PlyCount "50"]
[EventDate "2000.02.12"]

1. e4 c5 2. Nf3 Nc6 3. d4 cxd4 4. Nxd4 g6 5. Nc3 Bg7 6. Be3 Nf6 7. Be2 O-O 8.
O-O d5 9. exd5 Nb4 10. Qd2 Nbxd5 11. Nxd5 Nxd5 12. Bh6 e5 13. Bxg7 Kxg7 14. Nf3
Nf4 15. Qe3 Nxe2+ 16. Qxe2 f6 17. h3 Qc7 18. c4 b6 19. Rfd1 Bb7 20. Rd2 Rad8
21. Rc2 Rf7 22. Rac1 Qc5 23. b3 Rfd7 24. Re1 Rd3 25. Nh2 Rg3 0-1